[Event "EU-ch U14 Girls 28th"]
[Site "Riga"]
[Date "2018.08.20"]
[Round "1.5"]
[White "Krasteva, Beloslava"]
[Black "Moskaleva, Arina"]
[Result "1-0"]
[WhiteElo "2086"]
[BlackElo "1723"]
[PlyCount "91"]
[EventDate "2018.08.20"]
[EventType "swiss"]
[EventRounds "9"]
[EventCountry "LAT"]
[SourceTitle "CBM 186 Extra"]
[Source "ChessBase"]
[SourceDate "2018.08.24"]
[SourceVersion "1"]
[SourceVersionDate "2018.08.24"]
[SourceQuality "1"]

1. d4 d5 2. c4 dxc4 3. e3 Nf6 4. Bxc4 e6 5. Nf3 Be7 6. Nc3 c6 7. 0-0 0-0 8. a4 a5 9. Qe2 Nbd7 10. e4 Nb6 11. Bb3 Re8 12. Bf4 Bd7 13. Rac1 Rc8 14. Rfd1 h6 15. h3 Bb4 16. Qd3 Qe7 17. Bc2 Nh7 18. e5 Nf8 19. Ne4 c5 20. Nd6 c4 21. Nxc8 Rxc8 22. Qe2 Nxa4 23. Be4 c3 24. b3 Nb2 25. Re1 Qe8 26. Bxb7 Bb5 27. Qe3 Rc7 28. Be4 c2 29. Rxc2 Rxc2 30. Bxc2 Bxe1 31. Nxe1 a4 32. Qc3 axb3 33. Bxb3 Na4 34. Qc7 Qa8 35. Qc2 Bc6 36. Bd2 Nb6 37. Qa2 Qb7 38. f3 Nd5 39. Nd3 Qb6 40. Qb2 Qa6 41. Bc2 Qa7 42. Kh2 Ng6 43. Nc5 Nxe5 44. dxe5 Qxc5 45. Qb8+ Qf8 46. Bh7+ 1-0

[Event "St Petersburg-ch (Women)"]
[Site "St Petersburg"]
[Date "2018.03.19"]
[Round "1"]
[White "Zavgorodniaya, Alena"]
[Black "Moskaleva, Arina"]
[Result "1-0"]
[WhiteElo "2074"]
[BlackElo "1769"]
[PlyCount "59"]
[EventDate "2018.03.19"]
[EventType "swiss"]
[EventRounds "9"]
[EventCountry "RUS"]
[SourceTitle "CBM 183 Extra"]
[Source "ChessBase"]
[SourceDate "2018.04.19"]
[SourceVersion "1"]
[SourceVersionDate "2018.04.19"]
[SourceQuality "1"]

1. e4 c5 2. Nf3 d6 3. Bb5+ Nd7 4. 0-0 e6 5. Re1 Ngf6 6. c3 Be7 7. d4 cxd4 8. cxd4 a6 9. Bd3 0-0 10. Nc3 b5 11. e5 Ne8 12. Ne4 h6 13. Bf4 dxe5 14. dxe5 Bb7 15. Qd2 Rc8 16. Bxh6 Nc5 17. Nxc5 Bxf3 18. Re3 Rxc5 19. Rxf3 Rxe5 20. Rh3 f5 21. Bf4 Rd5 22. Qe2 Qd7 23. Bc2 Nf6 24. Bb3 Rd8 25. Re1 Bb4 26. Qxe6+ Qf7 27. Bxd5 Nxd5 28. Rh8+ Kxh8 29. Qxf7 Bxe1 30. Be5 1-0

[Event "Chigorin Memorial 25th"]
[Site "St Petersburg"]
[Date "2017.10.21"]
[Round "1"]
[White "Moskaleva, Arina"]
[Black "Khokhlova, Daria"]
[Result "0-1"]
[WhiteElo "1536"]
[BlackElo "2207"]
[PlyCount "70"]
[EventDate "2017.10.21"]
[EventType "swiss"]
[EventRounds "9"]
[EventCountry "RUS"]
[SourceTitle "CBM 181 Extra"]
[Source "ChessBase"]
[SourceDate "2017.12.12"]
[SourceVersion "1"]
[SourceVersionDate "2017.12.12"]
[SourceQuality "1"]

1. c4 Nf6 2. Nc3 g6 3. d4 Bg7 4. e4 d6 5. f3 0-0 6. Be3 Nbd7 7. Bd3 c5 8. d5 a6 9. Nge2 Ne5 10. 0-0 Bd7 11. Rc1 b5 12. cxb5 c4 13. Bc2 axb5 14. b3 b4 15. Nb1 Rxa2 16. bxc4 Nxc4 17. Bf2 Ra8 18. Bb3 Na5 19. Nd2 Bb5 20. Re1 Nd7 21. Nd4 Ba6 22. Nc4 Bxc4 23. Bxc4 Nc5 24. Nb3 Bc3 25. Nxa5 Bxe1 26. Bxe1 Qxa5 27. h4 Qb6 28. Bf2 b3 29. Rb1 b2 30. Bd4 Qb4 31. Bf1 Nb3 32. Be3 Ra1 33. h5 Rxb1 34. Qxb1 Nd2 35. Bxd2 Qxd2 0-1

[Event "Chigorin Memorial 24th"]
[Site "St Petersburg"]
[Date "2016.10.17"]
[Round "3"]
[White "Moshkov, Vyacheslav"]
[Black "Moskaleva, Arina"]
[Result "0-1"]
[WhiteElo "1826"]
[BlackElo "1479"]
[PlyCount "122"]
[EventDate "2016.10.15"]
[EventType "swiss"]
[EventRounds "9"]
[EventCountry "RUS"]
[SourceTitle "CBM 175 Extra"]
[Source "ChessBase"]
[SourceDate "2016.12.12"]
[SourceVersion "1"]
[SourceVersionDate "2016.12.12"]
[SourceQuality "1"]

1. e4 c5 2. Nf3 d6 3. d4 cxd4 4. Nxd4 Nf6 5. Nc3 a6 6. Be3 e6 7. Be2 Be7 8. 0-0 0-0 9. a4 Nbd7 10. Nb3 b6 11. f4 Bb7 12. Bf3 Qc7 13. Qe2 Rac8 14. Kh1 Rfd8 15. Rad1 Qb8 16. Bf2 Qa8 17. Bg3 Nb8 18. Rd2 Nc6 19. e5 dxe5 20. fxe5 Nd7 21. Bh5 g6 22. Bf3 Qb8 23. h4 Nc5 24. Nxc5 Bxc5 25. Ne4 Nd4 26. Qf2 Bxe4 27. Bxe4 Nf5 28. Rxd8+ Rxd8 29. Qf3 Nxg3+ 30. Qxg3 Bd4 31. Qf3 Rf8 32. h5 Bxe5 33. Qb3 Qd6 34. c3 Bf4 35. hxg6 hxg6 36. Rd1 Qe5 37. Bf3 Qg5 38. Kg1 Kg7 39. Rd3 Qc5+ 40. Kf1 Bg3 41. Qc2 Rh8 42. Rd4 Qe5 43. Qe4 Rh1+ 44. Ke2 Re1+ 45. Kd3 Rxe4 46. Rxe4 Qd5+ 47. Kc2 Qc5 48. b4 Qd5 49. Kb2 Qd2+ 50. Kb3 Be1 51. Rc4 Qc1 52. Rc6 Bd2 53. b5 axb5 54. axb5 Qb1+ 55. Kc4 Qb2 56. Kd3 Be1 57. Kd4 Qxb5 58. c4 Bf2+ 59. Kc3 Qe5+ 60. Kd3 Qe3+ 61. Kc2 Qd4 0-1